| 000 | 00920nas a2200253 4500 | ||
|---|---|---|---|
| 001 | BR8000760 | ||
| 003 | BR-BrBNA | ||
| 005 | 20231205084127.0 | ||
| 007 | ta | ||
| 008 | 230509b bl.|||p| |||| 00| 00por d | ||
| 040 |
_aBR-BrBNA _bpor _cBiblioteca Nacional de Agricultura |
||
| 041 | _a(Pt) | ||
| 072 | _aF25 | ||
| 100 | 1 | _aNovais, R.F. | |
| 100 | 1 | _aKamprath, E.J. | |
| 245 | 1 |
_aParametros das isotermas de adsorcao de fosforo como criterio de recomendacao de adubacao fosfatada _bParte de tese |
|
| 246 | 1 |
_aParameters of phosphorus adsorption isotherms as criterion of recommendation of phosphorus fertilization _b[Part of thesis] |
|
| 650 | _aFertilizante | ||
| 650 | _aFertilizante fosfatado | ||
| 650 | _aAdsorcao | ||
| 773 | 0 |
_tRevista Brasileira de Ciencia do Solo (Brazil) _xISSN 0100-0683 _g(Jan 1979), v. 3(1) p. 37-41 _wBR8000760 |
|
| 909 |
_a202311 _bLúcia _c55 _dLúcia Elande |
||
| 942 |
_2AGRIS _n0 _cANA |
||
| 999 |
_c103300 _d103300 |
||